Skúmanie rezných parametrov fiber laserových rezacích strojov
Guardado en:
| Autor principal: | |
|---|---|
| Otros Autores: | |
| Formato: | Manuscrito Libro |
| Lenguaje: | eslovaco |
| Publicado: |
2024
|
| Materias: | |
| Acceso en línea: | http://is.stuba.sk/zp/portal_zp.pl?podrobnosti=179105 |
| Etiquetas: |
Sin Etiquetas, Sea el primero en etiquetar este registro!
|
MARC
| LEADER | 00000ntm a22000003a 4500 | ||
|---|---|---|---|
| 001 | stuzp99938 | ||
| 003 | SK-STU | ||
| 005 | 20250304111845.0 | ||
| 007 | ta | ||
| 008 | 150427s2015----xo-----f-mn---000-0-slo-d | ||
| 040 | |a STU |b slo | ||
| 041 | 0 | |a slo | |
| 100 | 1 | |a Ochaba, Adam |u 020070 |4 aut |U SjF Strojnícka fakulta |T SjF Ústav výrobného inžinierstva a kvality produkcie |X 104922 |U J0070 |Y 804 |7 104922 | |
| 242 | 0 | 1 | |a Investigation of fiber laser cutting machines parameters |y eng |
| 245 | 1 | 0 | |a Skúmanie rezných parametrov fiber laserových rezacích strojov |
| 260 | |c 2024 | ||
| 650 | 4 | |a rezanie laserom |2 slo | |
| 650 | 4 | |a parametre rezania |2 slo | |
| 650 | 4 | |a CFRP materiál |2 slo | |
| 650 | 4 | |a vláknový laser |2 slo | |
| 650 | 4 | |a kvalita |2 slo | |
| 650 | 4 | |a CFRP material |2 eng | |
| 650 | 4 | |a fiber laser |2 eng | |
| 650 | 4 | |a laser cutting |2 eng | |
| 650 | 4 | |a quality |2 eng | |
| 650 | 4 | |a cutting parameters |2 eng | |
| 700 | 1 | |a Čačková, Iveta |u 020070 |k Z1 |4 ths |U SjF Strojnícka fakulta |T SjF Ústav výrobného inžinierstva a kvality produkcie |X 46392 |U J0070 |Y 804 |7 A000046392 | |
| 856 | 4 | |u http://is.stuba.sk/zp/portal_zp.pl?podrobnosti=179105 | |
| 996 | |b 284J047754 |c J* 3844/DDP |l JJSK |s A |a 24 |w stuzp99938_0001 | ||